Διαδρομές, σύνορα και ανθρώπινα δικαιώματα : το παράδειγμα του κέντρου κράτησης στην Μόρια Μυτιλήνης και η βιοπολιτική των μη κυβερνητικών οργανώσεων : μεταπτυχιακή διπλωματική εργασία

Αποθηκεύτηκε σε:
Λεπτομέρειες βιβλιογραφικής εγγραφής
Κύριος συγγραφέας: Ρέππας, Γεώργιος
Συγγραφή απο Οργανισμό/Αρχή: Πανεπιστήμιο Αιγαίου Σχολή Κοινωνικών Επιστημών Τμήμα Κοινωνικής Ανθρωπολογίας και Ιστορίας Πρόγραμμα Μεταπτυχιακών Σπουδών Κοινωνική και Ιστορική Ανθρωπολογία
Άλλοι συγγραφείς: Χαντζαρούλα, Ποθητή (dgsf)
Μορφή: Thesis Βιβλίο
Γλώσσα:Greek
Δημοσίευση: 2017.
Ετικέτες: Προσθήκη ετικέτας
Δεν υπάρχουν, Καταχωρήστε ετικέτα πρώτοι!

MARC

LEADER 00000cam a2200000 a 4500
001 1/120777
008 200131s2017####gr | ||| |||| ||gre||
040 |a GR-MyUa  |b gre  |c GR-MyUa  |e AACR2 
041 0 |a gre 
082 7 |a 0000  |2 (23) 
100 1 |a Ρέππας, Γεώργιος. 
245 1 0 |a Διαδρομές, σύνορα και ανθρώπινα δικαιώματα :   |b το παράδειγμα του κέντρου κράτησης στην Μόρια Μυτιλήνης και η βιοπολιτική των μη κυβερνητικών οργανώσεων : μεταπτυχιακή διπλωματική εργασία /   |c Γεώργιος Ρέππας ; επιβλέπουσα καθηγήτρια: Ποθητή Χαντζαρούλα.  
260 |c 2017.  
300 |a 98 σ. :   |b φωτ. ;   |c 29 εκ.  
502 |a Διατριβή (μεταπτυχιακή) - Πανεπιστήμιο Αιγαίου, Μυτιλήνη, 2017.  
504 |a Βιβλιογραφία: σ. 86-88.  
506 0 |a Ηλεκτρονική διάθεση στο πλήρες κείμενο - ελεύθερης πρόσβασης.  
700 1 |a Χαντζαρούλα, Ποθητή,  |e dgsf 
710 2 |a Πανεπιστήμιο Αιγαίου  |b Σχολή Κοινωνικών Επιστημών  |b Τμήμα Κοινωνικής Ανθρωπολογίας και Ιστορίας  |b Πρόγραμμα Μεταπτυχιακών Σπουδών Κοινωνική και Ιστορική Ανθρωπολογία. 
852 |a INST  |b LESVOS  |c DIATR  |e 20200131  |h 275  |p 005100062735  |q 005100062735  |t MTXE  |y 23 
920 |a Ρέππας  |b Γεώργιος   |y Λέσβος  |z 2018-01 
970 |a Καμάτσου  |b Δέσποινα  |z 31-01-2020